Uso y valoración de fauna silvestre y definición de criterios para el control del trafico ilegal (Registro nro. 4339)

Detalles MARC
000 -CABECERA
Campo de control 00738nam a2200217 a 4500
005 - FECHA Y HORA DE LA ULTIMA TRANSACCION
Campo de control 20200104041549.0
008 - ELEMENTOS DE LONGITUD FIJA—INFORMACION GENERAL
Campo de control 140123b2000 ck ||||| |||| 00| 0 spa d
041 ## - IDIOMA
Código de idioma para texto/pista de sonido o título separado Español
044 ## - PAÍS DE PUBLICACIÓN
País de publicación Colombia
090 ## - CLASIFICACIÓN LOCAL
Colección IAVH
Consecutivo 00320
100 ## - ASIENTO PRINCIPAL--NOMBRE PERSONAL
Nombre personal Hernández Pérez, Sarah
110 ## - ASIENTO PRINCIPAL--NOMBRE CORPORATIVO
Unidad subordinad Instituto de Investigación de Recursos Biológicos Alexander von Humboldt
245 ## - MENCION DE TITULO
Título Uso y valoración de fauna silvestre y definición de criterios para el control del trafico ilegal
260 ## - PUBLICACION, DISTRIBUCION, ETC. (PIE DE IMPRENTA)
Lugar de publicación, distribución, etc. Bogotá
Nombre del editor, distribuidor, etc. Minambiente
-- Instituto Humboldt
Fecha de publicación, distribución, etc. 2000
300 ## - DESCRIPCION FISICA
Extensión 120 p.
Otros detalles físicos tablas
Dimensiones 28 cm.
700 ## - ASIENTO SECUNDARIO - NOMBRE PERSONAL
Nombre personal Polanco, Rocío
700 ## - ASIENTO SECUNDARIO - NOMBRE PERSONAL
Nombre personal Quiceno, María Paula
700 ## - ASIENTO SECUNDARIO - NOMBRE PERSONAL
Nombre personal Fuentes , Samira
942 ## - ELEMENTOS ADICIONALES (KOHA)
Tipo de ítem Libro
Sistema de clasificación Local
Koha issues (borrowed), all copies 3
945 ## - PROCESAMIENTO LOCAL
AAAA-MM-DD - Fecha de ingreso o modificacion 2005-02-23
Existencias
Withdrawn status Lost status Sistema de Clasificación Damaged status No para préstamo Colección Inventariado Ubicación Permanente Ubicación actual Fecha de adquisición Fuente de Valor Total Checkouts Total Renewals Número topográfico Inventario / Código de Barras Checked out Date last seen Date checked out Ejemplar Price effective from Forma de adquisición Tipo de material
    Local     Humboldt Inventariado 2017 Bogotá Bogotá 23/02/2005 Uso y Valoración 6 2 IAVH-00320 017320 10/03/2020 18/02/2020 18/02/2020 Ej. 1 04/12/2012 Institucional Informe Técnico